Uma verdade inconveniente (Registo nº 1365)

Detalhes MARC
000 -Etiqueta do registo
Cabeçalho 01269nam0a2200301 4500
005 - Identificador da versão
Campo de controlo 20240813121834.0
021 ## - Número do Depósito Legal
Código do país PT
Número 41/07
100 ## - Dados gerais de processamento
Dados gerais de processamento 20120223d2007 m y0pory5003 ba
102 ## - Pais de publicação ou produção
País de publicação Portugal
101 0# - Língua de publicação
Língua do texto, banda sonora, etc. Português
106 ## - Campo de dados codificados: material textual
Dados codificados do material textual r
105 ## - Campo de dados codificados: livros
Dados codificados dos livros y z 001yy
215 ## - Descrição física 
Indicação específica da natureza do documento e extensão da espécie 1 disco óptico (ca 93 min.)
Outras indicações físicas cor; som
200 1# - Titulo e menção de responsabilidade
Título próprio Uma verdade inconveniente
Primeira menção de responsabilidade real. Davis Guggenheim
Outras menções de responsabilidade prod. Laurie David, Lawrence Bender, Scott Z.
210 ## - Publicação, Distribuição, etc. 
Lugar da edição, distribuição, etc. Lisboa
Nome do editor, distribuidor, etc. Lusomundo Audiovisuais (distrib.)
Data da publicação, distribuição, etc. 2010
323 ## - Nota ao elenco (material de projecção e video de registos sonoros) 
Texto da nota Elenco: Al Gore, Billy West
300 ## - Notas gerais 
Texto da nota idiomas: inglês
Texto da nota legendas: português, inglês, checo, húngaro, polaco, búlgaro, islandês, hebraico, grego, croata, esloveno, árabe, romeno, sérvio
Texto da nota Opções especiais: Ponto de situação com o antigo Vice Presidente Al Gore; Making Of: uma verdade inconveniente, Vídeo musical: "Need to wake up" por Melissa Etheridge, comentários do realizador Davis Guggenheim, comentários dos produtores Laurie david, Lawrence Bender,Scott Burns
333 ## - Nota relativa aos potenciais utilizadores
Texto da nota para maiores de 12 anos
332 ## - Citação preferencial dos materiais descritos
Citação preferencial Produção: Laurie David;
510 ## - Título paralelo
Título paralelo <An >inconvenient truth
700 #1 - Nome de autor-pessoa física (responsabilidade principal)
Número de registo de entrada de autoridade 0001914
Palavra de ordem Guggenheim
Outra parte do nome não tomada para palavra de ordem Davis
966 ## - Identificação da Biblioteca
Sigla NUMETECA
942 ## - Elementos de entrada adicionados (Koha)
Tipo de item no Koha Livro
Exemplares
Situação do levantamento Origin of item (home branch) (coded) Biblioteca de empréstimo Código de barras Cota Circulation type (not for loan) Tipo de documento Nota do exemplar Damaged status
  Biblioteca Escolar Eng. Nuno Mergulhão Biblioteca Escolar Eng. Nuno Mergulhão BENM3068 | 2011 NF INC   DVD Sem mensagem